000 01514nam2a2200265 4500
001 rc\2939432
005 20260406003303.0
035 _a(NLR Aleph) 007088329
090 _a13599260
_c13599260
100 _a20110824d1948 u y0rusy50 ca
101 0 _arus
102 _aRU
105 _ab z |||||
200 1 _aБассейны Карского моря, Моря Лаптевых и Восточно-Сибирского моря
_hВып. 4
_iБассейны рек Енисея, Хатанги, Оленек, Ленв, Яны, Индигирки и Алазеи
_fПод ред. И.В. Попова и Е.М. Знаменской
210 _aЛенинград
_cизд-во и 2 типолитогр. Гидрометеоиздата
_d1948
215 _a448 с., 3 л. карт.
_cграф., карт.
_d26 см
461 0 _1001rc\2939421
_12001#$aМатериалы по режиму рек СССР$fПод общ. ред. Д.Л. Соколовского$vТ. 5
_96547602
_cЛенинград
_d1939
_fПод общ. ред. Д.Л. Соколовского
_nГидрометеорол. изд-во
_tМатериалы по режиму рек СССР
_vТ. 5
702 1 _4340
_8rus
_7ca
_aПопов
_bИ. В.
_cд-р геогр. наук
_f1912-1992
_gИгорь Владимирович
_3RU\NLR\AUTH\77112822
_995747
702 1 _aЗнаменская
_bЕ.М.
_4340
801 0 _aRU
_bNLR
_gpsbo
801 1 _aRU
_bELAR
_2rusmarc
852 _aNLR
_jГн10 Г-7/7
942 _cUNSPEC
980 _aNB